00624nam a2200217Ia 4500003000400000005001700004008004100021020002200062040000700084041000800091082002200099100003000121245001500151260003000166300001200196365001300208906001700221942001200238999001900250952013700269OSt20230429104146.0210423s1997 xx 000 0 und d a978-1-4091-5575-1 cAL aeng a813.54 223bCONB aCONNELLY (Michael)995044 aBlack echo aLondonbOrion booksc1997 a456bPB b399cINR aBlack ; echo 2ddccBK c170450d170450 001040708GENaSACPGbSACPGd2020-01-22eBiblios Book Pointg399.00l0o813.54 CONBpPG016952r2022-08-24 00:00:00w2021-04-26yBK